| 000 | 00688cam a2200241 a 4500 | ||
|---|---|---|---|
| 001 | 1964184 | ||
| 005 | 20171219041447.0 | ||
| 008 | 880309s1988 nju b 001 0 eng | ||
| 010 | _a 88009629 | ||
| 020 |
_a0691077800 (alk. paper) : _c$35.00 |
||
| 020 |
_a0691022879 (pbk.) : _c$12.95 |
||
| 040 |
_aDLC _cDLC _dDLC |
||
| 041 | _aeng | ||
| 043 | _an-us--- | ||
| 080 | _a347.30224 FIS | ||
| 082 | 0 | 0 |
_a342.73024 _a347.30224 FIS _219 |
| 100 | 1 | _a14 | |
| 101 | _aJUR | ||
| 245 | 1 | 0 |
_aConstitutional dialogues : _cLouis Fisher. |
| 504 | _aBibliography: p. 281-290. | ||
| 906 |
_a7 _bcbc _corignew _d1 _eocip _f19 _gy-gencatlg |
||
| 942 |
_2ddc _cBK |
||
| 999 |
_c39150 _d39150 |
||